Assassin's Creed - Name every game - Statistics

General Stats
  • This quiz has been taken 243 times
    225 since last reset
  • The average score is 13 of 14
Answer Stats
Hint Answer % Correct
2013 Assassin's Creed IV: Black Flag
98%
2007 Assassin's Creed
97%
2009 Assassin's Creed II
94%
2020 Assassin's Creed: Valhalla
94%
2012 Assassin's Creed III
93%
2017 Assassin's Creed: Origins
92%
2018 Assassin's Creed: Odyssey
91%
2025 Assassin's Creed: Shadows
88%
2014 Assassin's Creed: Unity
88%
2023 Assassin's Creed: Mirage
87%
2015 Assassin's Creed: Syndicate
86%
2010 Assassin's Creed: Brotherhood
84%
2011 Assassin's Creed: Revelations
81%
2014 Assassin's Creed: Rogue
80%
No matching quizzes found
Score Distribution
Percent of People with Each Score
Percentile by Number Answered
Your Score History
You have not taken this quiz since the last reset